Humo de pipa
Đã lưu trong:
| Tác giả chính: | |
|---|---|
| Định dạng: | Sách |
| Ngôn ngữ: | Tiếng Tây Ban Nha |
| Được phát hành: |
Santiago
Del Pacífico
1955
|
| Loạt: | Colección de Autores Chilenos
|
| Những chủ đề: | |
| Các nhãn: |
Thêm thẻ
Không có thẻ, Là người đầu tiên thẻ bản ghi này!
|
MARC
| LEADER | 00000nam a2200000 a 4500 | ||
|---|---|---|---|
| 001 | UCQ6440 | ||
| 003 | CL-VaPUC | ||
| 008 | 981016e19550000CL |||||||||||||||||spa|d | ||
| 082 | 0 | 4 | |a Ch864 |b PRI |2 21 |
| 100 | 0 | |a Prieto, Jenaro |e author |9 371593 | |
| 245 | 1 | 0 | |a Humo de pipa |
| 300 | |a 267 p | ||
| 942 | |c BK | ||
| 945 | |d 19981016 00:00:00 |a crobeson | ||
| 260 | |a Santiago |b Del Pacífico |c 1955 | ||
| 650 | 0 | |a Ensayos chilenos |9 269132 | |
| 650 | 0 | |a Literatura chilena |9 308278 | |
| 583 | |a last modification |c 19981016 00:00:00 |k Rodrigo Vera | ||
| 490 | 0 | |a Colección de Autores Chilenos | |
| 999 | |c 276397 |d 276395 | ||
| 952 | |0 0 |1 0 |4 0 |6 CH_864_000000000000000_PRI_1955 |7 0 |8 A |9 313606 |a BIBEDU |b BIBEDU |d 2019-11-20 |i 1481649 |o Ch864 PRI 1955 |p 1481649 |r 2019-11-20 |w 2019-11-20 |y BK |k LIT | ||